|
|
|
|
| LEADER |
00734cam a2200205 7i4500 |
| 001 |
0000022330 |
| 005 |
20181109090000.0 |
| 020 |
|
|
|a 9780534646769 (pbk.)
|
| 020 |
|
|
|a 053464676X (pbk.)
|
| 090 |
0 |
0 |
|a P90
|b .W65 2006
|
| 100 |
1 |
|
|a Wood, Julia T
|
| 245 |
1 |
0 |
|a Communication in our lives
|c Julia T. Wood.
|
| 250 |
|
|
|a 4th ed.
|
| 260 |
|
|
|a Australia:
|b Thomson/Wadsworth,
|c 2006.
|
| 300 |
|
|
|a xxvii, 473 p.:
|b col. ill.;
|c 25 cm..
|
| 501 |
|
|
|a With CD-ROM : Communication in our lives / Julia T. Wood
|
| 504 |
|
|
|a Includes bibliographical references and index
|
| 650 |
0 |
0 |
|a Communication
|
| 997 |
|
|
|a Communication, Visual Art & Computing, Faculty
|b Communication, Department
|
| 999 |
|
|
|a 0000024566
|b BOK
|c OPEN SHELF
|e 1st Floor, Bestari Jaya
|